00394 2200157 4500001002100000005001500021035002000036245004500056100002000101300001200121260004800133082000800181084001400189020002100203990001200224INLIS00000000000161320250424104843 a0010-04250000291 aCatatan Sang Pemenang /cTuti Sitanggang0 aTuti Sitanggang a320 hlm aJakarta :bPT. Elek Media Komputindo,c2013 a100 a100 TUT c a978-602-02-09272 a0754719